Counties Of The District Of Columbia (Historical) - Statistics

General Stats
  • This quiz has been taken 29 times
  • The average score is 4 of 5
Answer Stats
Ceded from Former County % Correct
Virginia Fairfax
81%
Virginia Alexandria
75%
Maryland Montgomery
75%
Maryland Washington
69%
Maryland Prince George's
63%
No matching quizzes found
Score Distribution
Percent of People with Each Score
Percentile by Number Answered
Your Score History
You have not taken this quiz